000 00865nmm a2200277 a 4500
001 ocm0001256830
003 TR-IsHL
005 20201028160504.0
008 150709s2015 tu tur
007 cr cn
020 _a9786059851169
035 _a1256830
_b(N$T)
050 0 4 _aB99.T9
_bO95 2015
090 0 4 _aB99.T9
_bO95 2015
100 1 _aÖzlem, Doğan
245 1 0 _aTürkçede felsefe
_h[electronic resource] /
_cDoğan Özlem
260 _aİstanbul :
_bNotos Kitap Yayınevi,
_c2015
300 _a157 p.
500 _aDizin var.
_x
650 4 _aFelsefe, Psikoloji ve Din
650 4 _aPhilosophy, Psychology and Religion
650 0 _aFelsefe
_xTürkiye
650 0 _aPhilosophy
_xTurkey
650 7 _aPHILOSOPHY / General
_2bisacsh
856 4 0 _uhttp://search.ebscohost.com/login.aspx?direct=true&scope=site&db=e011xww&AN=1256830
999 _c13629
_d13629